[Event "BRA Bahia Region"]
[Site "Salvador"]
[Date "2013.05.05"]
[Round "9"]
[White "Lyrio, Nubson Jorge Lago"]
[Black "Melo, Nicolle Pereira"]
[Result "1-0"]
[WhiteElo "1926"]
[BlackElo "1754"]
[PlyCount "55"]
[EventDate "2013.04.27"]
[EventType "swiss"]
[EventRounds "9"]
[EventCountry "BRA"]
[SourceTitle "EXT 2022"]
[Source "ChessBase"]
[SourceDate "2021.10.06"]
[SourceVersion "1"]
[SourceVersionDate "2021.10.06"]
[SourceQuality "1"]

1. e4 c6 2. Nf3 d5 3. exd5 cxd5 4. d4 e6 5. Bd3 Nf6 6. 0-0 h6 7. c3 Bd6 8. Re1 0-0 9. Bd2 Re8 10. Ne5 Qc7 11. h3 Nbd7 12. Bf4 Nh7 13. Qh5 Ndf6 14. Bxh7+ Kxh7 15. Qf3 Kg8 16. Bxh6 gxh6 17. Qxf6 Bf8 18. Re3 Bg7 19. Rg3 Kf8 20. Qxg7+ Ke7 21. Qxf7+ Kd8 22. Qxc7+ Kxc7 23. Rg7+ Kd6 24. Rh7 b5 25. Nd2 a6 26. b3 a5 27. Rc1 Ba6 28. Rd7# 1-0

[Event "BRA Bahia Region"]
[Site "Salvador"]
[Date "2013.05.04"]
[Round "7"]
[White "Melo, Nicolle Pereira"]
[Black "Lopes, Nicolas Meira Sinot"]
[Result "1/2-1/2"]
[WhiteElo "1754"]
[BlackElo "1778"]
[PlyCount "89"]
[EventDate "2013.04.27"]
[EventType "swiss"]
[EventRounds "9"]
[EventCountry "BRA"]
[SourceTitle "EXT 2022"]
[Source "ChessBase"]
[SourceDate "2021.10.06"]
[SourceVersion "1"]
[SourceVersionDate "2021.10.06"]
[SourceQuality "1"]

1. e4 e5 2. Nf3 Nc6 3. Bb5 Bc5 4. Nc3 d6 5. h3 Nf6 6. 0-0 0-0 7. d3 h6 8. a3 Nd4 9. Bc4 Re8 10. Be3 Nxf3+ 11. Qxf3 Bxe3 12. Qxe3 c6 13. Bb3 d5 14. Qe2 d4 15. Nd1 Be6 16. Bxe6 Rxe6 17. c3 c5 18. c4 a6 19. f4 Qd7 20. fxe5 Rxe5 21. Nf2 b5 22. b3 a5 23. a4 b4 24. Ra2 Nh7 25. Ng4 Re6 26. h4 h5 27. Nh2 g6 28. Qf3 Rf6 29. Qg3 Rxf1+ 30. Kxf1 Rd8 31. Rf2 Qd6 32. e5 Qe6 33. Re2 Re8 34. Qf4 Qf5 35. Qxf5 gxf5 36. g3 Re6 37. Nf3 Kg7 38. Kg2 f6 39. exf6+ Kxf6 40. Rxe6+ Kxe6 41. Ng1 Ke5 42. Nf3+ Kf6 43. Ng1 Nf8 44. Nh3 Ne6 45. Kf3 1/2-1/2

[Event "BRA Bahia Region"]
[Site "Salvador"]
[Date "2013.04.27"]
[Round "2.13"]
[White "Melo, Nicolle Pereira"]
[Black "Souza, Jailson"]
[Result "0-1"]
[WhiteElo "1754"]
[BlackElo "1816"]
[PlyCount "78"]
[EventDate "2013.04.27"]
[EventType "swiss"]
[EventRounds "9"]
[EventCountry "BRA"]
[SourceTitle "EXT 2022"]
[Source "ChessBase"]
[SourceDate "2021.10.06"]
[SourceVersion "1"]
[SourceVersionDate "2021.10.06"]
[SourceQuality "1"]

1. e4 c5 2. Nf3 Nc6 3. c3 e5 4. Bb5 d6 5. h3 Qb6 6. Ba4 Nf6 7. 0-0 Bd7 8. Re1 0-0-0 9. Ng5 Be8 10. d3 h6 11. Nf3 g5 12. Qc2 Bd7 13. Be3 g4 14. hxg4 Nxg4 15. Rd1 Nxe3 16. fxe3 Bg4 17. Nbd2 h5 18. Rf1 f5 19. Ng5 Qc7 20. exf5 Bh6 21. Ne6 Bxe3+ 22. Kh1 Qh7 23. Nxd8 Nxd8 24. Ne4 Qh6 25. Rae1 d5 26. Ng3 h4 27. Ne4 dxe4 28. Rxe3 Qxe3 29. dxe4 h3 30. gxh3 Rxh3+ 31. Qh2 Bf3+ 32. Rxf3 Qxf3+ 33. Kg1 Rxh2 34. Kxh2 Nf7 35. Bb3 Ng5 36. Be6+ Kd8 37. f6 Qf2+ 38. Kh1 Nf3 39. Bh3 Qh2# 0-1